[Event "Baku Chess Olympiad | Open"]
[Site "chess24.com"]
[Date "2016.09.06"]
[Round "5"]
[White "Babarykin, Stanislav"]
[Black "Obodchuk, Andrei"]
[Result "1-0"]
[Board "2"]
[WhiteID "4101898"]
[WhiteElo "2339"]
[WhiteTitle "FM"]
[WhiteCountry "RUS"]
[WhiteFideId "4101898"]
[WhiteEloChange "12"]
[BlackID "4114310"]
[BlackElo "2402"]
[BlackTitle "IM"]
[BlackCountry "RUS"]
[BlackFideId "4114310"]
[BlackEloChange "-6"]

1. e4 {[%clk 1:30:42]} c5 {[%clk 1:30:30]} 2. Nf3 {[%clk 1:30:50]} e6 {[%clk
1:30:20]} 3. g3 {[%clk 1:30:50]} Nc6 {[%clk 1:29:15]} 4. Bg2 {[%clk 1:30:55]} Nf6
{[%clk 1:29:06]} 5. Qe2 {[%clk 1:31:03]} e5 {[%clk 1:28:24]} 6. O-O {[%clk
1:30:54]} Be7 {[%clk 1:27:56]} 7. c3 {[%clk 1:29:10]} O-O {[%clk 1:24:33]} 8. Na3
{[%clk 1:28:14]} d5 {[%clk 1:13:20]} 9. exd5 {[%clk 1:27:24]} Qxd5 {[%clk
1:13:27]} 10. d3 {[%clk 1:16:15]} Bg4 {[%clk 1:01:29]} 11. Nc4 {[%clk 1:07:56]}
Qd7 {[%clk 0:46:38]} 12. Re1 {[%clk 0:58:11]} Rfe8 {[%clk 0:37:15]} 13. Ncxe5
{[%clk 0:58:11]} Nxe5 {[%clk 0:37:28]} 14. Nxe5 {[%clk 0:58:09]} Bxe2 {[%clk
0:37:49]} 15. Nxd7 {[%clk 0:58:07]} Bxd3 {[%clk 0:38:08]} 16. Bxb7 {[%clk
0:53:24]} Rad8 {[%clk 0:35:49]} 17. Ne5 {[%clk 0:35:36]} Bf5 {[%clk 0:33:01]} 18.
Bc6 {[%clk 0:35:36]} Rf8 {[%clk 0:33:16]} 19. Bg2 {[%clk 0:34:39]} Bd6 {[%clk
0:31:53]} 20. Nc4 {[%clk 0:18:05]} Bc7 {[%clk 0:30:57]} 21. Be3 {[%clk 0:17:50]}
Be6 {[%clk 0:30:38]} 22. Bf1 {[%clk 0:11:02]} Nd7 {[%clk 0:30:01]} 23. Bg5 {[%clk
0:10:55]} Rb8 {[%clk 0:29:53]} 24. b3 {[%clk 0:10:55]} h6 {[%clk 0:22:58]} 25.
Be7 {[%clk 0:09:58]} Rfe8 {[%clk 0:23:00]} 26. Bd6 {[%clk 0:10:11]} Bxd6 {[%clk
0:23:08]} 27. Nxd6 {[%clk 0:10:23]} Red8 {[%clk 0:23:35]} 28. Rad1 {[%clk
0:08:44]} Nf6 {[%clk 0:22:24]} 29. Bc4 {[%clk 0:06:33]} Bxc4 {[%clk 0:22:19]} 30.
Nxc4 {[%clk 0:06:50]} Nd5 {[%clk 0:22:12]} 31. Rc1 {[%clk 0:06:50]} Nb6 {[%clk
0:22:20]} 32. Ne5 {[%clk 0:03:19]} Rd2 {[%clk 0:21:59]} 33. Nc6 {[%clk 0:03:16]}
Rb7 {[%clk 0:21:45]} 34. Rcd1 {[%clk 0:03:18]} Rxa2 {[%clk 0:20:00]} 35. Rd8+
{[%clk 0:02:58]} Kh7 {[%clk 0:20:28]} 36. Ree8 {[%clk 0:02:58]} g6 {[%clk
0:20:38]} 37. Ne5 {[%clk 0:02:35]} Re2 {[%clk 0:09:59]} 38. Kf1 {[%clk 0:02:41]}
Re4 {[%clk 0:10:27]} 39. f3 {[%clk 0:02:57]} Rxe5 {[%clk 0:09:02]} 40. Rxe5
{[%clk 0:33:21]} c4 {[%clk 0:38:37]} 41. b4 {[%clk 0:28:57]} Na4 {[%clk 0:38:49]}
42. Re3 {[%clk 0:29:21]} Kg7 {[%clk 0:37:59]} 43. Rd4 {[%clk 0:28:12]} Nb6 {[%clk
0:38:11]} 44. Ke2 {[%clk 0:28:19]} h5 {[%clk 0:38:11]} 45. Kd2 {[%clk 0:26:04]}
Rc7 {[%clk 0:38:07]} 46. Re5 {[%clk 0:25:15]} Kf6 {[%clk 0:38:17]} 47. f4 {[%clk
0:24:49]} Rc6 {[%clk 0:36:10]} 48. Rc5 {[%clk 0:21:43]} Re6 {[%clk 0:34:57]} 49.
Rc7 {[%clk 0:21:48]} a6 {[%clk 0:34:56]} 50. Rd8 {[%clk 0:20:57]} Kf5 {[%clk
0:34:59]} 51. Rxf7+ {[%clk 0:15:58]} Kg4 {[%clk 0:35:27]} 52. Rd4 {[%clk
0:15:17]} Kf3 {[%clk 0:34:36]} 53. f5 {[%clk 0:15:12]} Re2+ {[%clk 0:35:01]} 54.
Kd1 {[%clk 0:15:31]} g5 {[%clk 0:35:26]} 55. Rd2 {[%clk 0:14:47]} Re3 {[%clk
0:35:40]} 56. Rb7 {[%clk 0:13:30]} Na4 {[%clk 0:35:55]} 57. f6 {[%clk 0:13:50]}
Kg4 {[%clk 0:35:25]} 58. f7 {[%clk 0:11:49]} Rf3 {[%clk 0:35:40]} 59. Rd4+ {[%clk
0:11:30]} Kh3 {[%clk 0:36:02]} 60. Rf4 {[%clk 0:11:28]} gxf4 {[%clk 0:35:50]} 61.
f8Q {[%clk 0:11:35]} Rd3+ {[%clk 0:35:20]} 62. Ke1 {[%clk 0:11:15]} f3 {[%clk
0:35:40]} 63. Kf2 {[%clk 0:10:41]} 1-0